000 01127nam a22003137a 4500
003 CHAP
005 20220329135910.0
008 971013s1976 r 00010 d
010 _a43871
011 _a44843
035 _a48982
040 _cCHAP
090 _aTesis
100 0 0 _aRamírez Araya, Luis Emilio.
_993871
245 _aExploración sobre la incidencia e importancia de los nemátodos gastrointestinales en bovinos del municipio de la Mesa Metlaltoyuca, Puebla
260 _aMéxico, D. F. :
_bEl autor,
_c1976
300 _apag. var.
_b; gráfs.
502 _aTesis (Médico Veterinario Zootecnista) -- UNAM. Facultad de Medicina Veterinaria y Zootecnia
590 _aALEPH
_b10
_c20130110
_lUCH01
_h1312
590 _aBATCH-UPD
_b10
_c20130110
_lUCH01
_h2059
590 _aBATCH-UPD
_b10
_c20130410
_lUCH01
_h1412
590 _aBATCH-UPD
_b10
_c20130914
_lUCH01
_h1529
590 _aCONVERSION
_b10
_c20130109
_lUCH01
_h1324
650 1 4 _aGanado vacuno
_xParásitos.
_945500
650 1 4 _aNemátodos parásitos de bovinos.
_980829
901 _aBK
942 _cTESIS
949 _bBC
_cTES
_d-110656
_eTS1
_i48982
_si
999 _c43871
_d43871